[Event "XVI Weekend B"]
[Site "Porto Sant'Elpidio ITA"]
[Date "2013.11.16"]
[Round "1"]
[White "Cesetti, Egidio"]
[Black "Pizzicotti, Virginia"]
[WhiteElo "1614"]
[BlackElo "1746"]
[Result "0-1"]
[PlyCount "88"]
[EventDate "2013.11.16"]

1. c4 e5 2. g3 Bc5 3. Nc3 d6 4. d3 Nc6 5. Bg2 f5 6. Nf3 Nf6 7. a3 a6 8. b4 Ba7
9. Bb2 O-O 10. e3 Qe8 11. Qe2 Qh5 12. Nh4 Qf7 13. O-O Ne7 14. Rac1 c6 15. Rfd1
Ng6 16. Nf3 h6 17. d4 e4 18. Ne1 d5 19. cxd5 Nxd5 20. Nxd5 Qxd5 21. Bf1 Qd6 22.
Ng2 Be6 23. Qh5 Kh7 24. Nh4 Nxh4 25. Qxh4 Bb6 26. Bc4 Bd8 27. Qh3 Bd7 28. Qg2
Qg6 29. d5 cxd5 30. Bxd5 Bc6 31. Bxc6 bxc6 32. Rd7 Rg8 33. Be5 Qe6 34. Rxd8
Rgxd8 35. Bd4 Rdc8 36. Qf1 a5 37. Rc5 axb4 38. axb4 Rcb8 39. Qc1 Rxb4 40. Rxc6
Qa2 41. Qc5 Rb1+ 42. Kg2 Ra5 43. Qe7 Qxf2+ 44. Kh3 Qxh2+ 0-1

[Event "XVI Weekend B"]
[Site "Porto Sant'Elpidio ITA"]
[Date "2013.11.16"]
[Round "1"]
[White "Ciccale', Giulia"]
[Black "Borzi', Rosario"]
[WhiteElo "1215"]
[BlackElo "1665"]
[Result "0-1"]
[PlyCount "108"]
[EventDate "2013.11.16"]

1. e4 c6 2. Nf3 d5 3. exd5 cxd5 4. d4 Bg4 5. Be2 Nc6 6. O-O e6 7. Bf4 Bd6 8.
Bxd6 Qxd6 9. Nbd2 Nge7 10. c4 O-O 11. c5 Qf4 12. g3 Qf6 13. Nb3 a6 14. Qd3 Ng6
15. Nbd2 Rfe8 16. Rfe1 Rad8 17. Qe3 h6 18. Ne5 Bxe2 19. Rxe2 Ngxe5 20. dxe5 Qe7
21. a3 d4 22. Qf4 Qxc5 23. b4 Qc3 24. Rb1 d3 25. Ne4 Qxe5 26. Rd2 Qxf4 27. gxf4
b6 28. Rbd1 Rd4 29. Nc3 Red8 30. Na4 Rxf4 31. Rxd3 Rxd3 32. Rxd3 Rd4 33. Rb3 b5
34. Nc3 f5 35. Ne2 Rc4 36. Ng3 Kf7 37. Kg2 g6 38. h3 e5 39. f3 Nd4 40. Re3 f4
41. Rxe5 fxg3 42. Kxg3 Rc3 43. a4 Rxf3+ 44. Kg2 bxa4 45. Ra5 Rf6 46. Rxa4 Rb6
47. Kg3 Ke6 48. Kg4 Nc6 49. b5 axb5 50. Re4+ Kf7 51. Rf4+ Kg7 52. h4 b4 53. h5
Ne5+ 54. Kh4 g5+ 0-1

[Event "XVI Weekend B"]
[Site "Porto Sant'Elpidio ITA"]
[Date "2013.11.16"]
[Round "1"]
[White "Di Sante, Alessandro"]
[Black "Marrocco, Dario"]
[WhiteElo "1419"]
[BlackElo "1688"]
[Result "0-1"]
[PlyCount "50"]
[EventDate "2013.11.16"]

1. d4 c5 2. e3 g6 3. Bd3 Bg7 4. c3 b6 5. Nf3 Nf6 6. Nbd2 Bb7 7. O-O O-O 8. Re1
d6 9. e4 cxd4 10. cxd4 Nbd7 11. Bb5 a6 12. Bxd7 Nxd7 13. e5 dxe5 14. dxe5 e6
15. Nc4 Qc7 16. Nd6 Bxf3 17. Qxf3 Nxe5 18. Qd1 Rad8 19. Ne4 Rxd1 20. Rxd1 Qc2
21. Nc3 Nc4 22. g3 Bxc3 23. bxc3 Qxd1+ 24. Kg2 Nd2 25. Bxd2 Qxa1 0-1

[Event "XVI Weekend B"]
[Site "Porto Sant'Elpidio ITA"]
[Date "2013.11.16"]
[Round "1"]
[White "Mircoli, Filippo"]
[Black "Marvulli, Michele"]
[WhiteElo "1695"]
[BlackElo "1445"]
[Result "0-1"]
[PlyCount "49"]
[EventDate "2013.11.16"]

1. e4 Nc6 2. Nf3 e5 3. Bb5 a6 4. Ba4 Nf6 5. O-O Be7 6. Re1 b5 7. Bb3 O-O 8. c3
d5 9. exd5 e4 10. dxc6 exf3 11. Qxf3 Bg4 12. Qe3 Re8 13. d4 Bd6 14. Qd2 Bf4 15.
Rxe8+ Qxe8 16. Qd3 Qe1+ 17. Qf1 Bxh2+ 18. Kxh2 Qxf1 19. Nd2 Qxf2 20. d5 Re8 21.
c4 Qh4+ 22. Kg1 Re1+ 23. Nf1 Be2 24. Bg5 Qd4+ 25. Kh2 0-1

[Event "XVI Weekend B"]
[Site "Porto Sant'Elpidio ITA"]
[Date "2013.11.16"]
[Round "1"]
[White "Ragnini, Damiano"]
[Black "Orfini, Nicolo'"]
[WhiteElo "1717"]
[BlackElo "1614"]
[Result "0-1"]
[PlyCount "81"]
[EventDate "2013.11.16"]

1. e4 d6 2. d4 Nf6 3. Nc3 g6 4. h3 Bg7 5. Nf3 O-O 6. Bc4 a6 7. a3 b5 8. Bd3 c5
9. b3 Bb7 10. d5 Nxe4 11. Bxe4 Bxc3+ 12. Bd2 Bg7 13. Rb1 f5 14. Bd3 Bxd5 15. c4
Bc6 16. O-O e5 17. Ng5 Qf6 18. cxb5 Bxb5 19. Qe2 h6 20. h4 hxg5 21. Bxg5 Qf7
22. Bxb5 axb5 23. Qxb5 Bf6 24. Rfd1 Bxg5 25. hxg5 Qe7 26. Qc4+ Kg7 27. f4 Nc6
28. b4 Nd4 29. bxc5 dxc5 30. fxe5 Rxa3 31. Rb6 Rc3 32. Qa6 Qxg5 33. Rb7+ Kh8
34. Rd3 Rc1+ 35. Kh2 Qf4+ 36. Rg3 Nf3+ 37. gxf3 Qh4+ 38. Rh3 Rc2+ 39. Kg1 Qxh3
40. Qxg6 Qh2+ 41. Kf1 0-1

[Event "XVI Weekend B"]
[Site "Porto Sant'Elpidio ITA"]
[Date "2013.11.16"]
[Round "1"]
[White "Ranellucci, Lorenzo"]
[Black "Agostinelli, Matteo"]
[WhiteElo "1598"]
[BlackElo "1715"]
[Result "0-1"]
[PlyCount "68"]
[EventDate "2013.11.16"]

1. e4 e5 2. Nf3 Nc6 3. Bc4 Bc5 4. O-O d6 5. d3 Bg4 6. Be3 Bb6 7. Nc3 Nf6 8. h3
Bh5 9. a3 O-O 10. Na4 d5 11. Nxb6 axb6 12. exd5 Nxd5 13. c3 Re8 14. Re1 Kh8 15.
g4 Bg6 16. d4 e4 17. Nd2 f5 18. gxf5 Bxf5 19. Qh5 Qd7 20. Bxd5 Qxd5 21. c4 Qd7
22. d5 Ne5 23. Bd4 Ng6 24. Kh2 Nf4 25. Qg5 Nxh3 26. Bxg7+ Qxg7 27. Qxf5 Rf8 28.
Qxh3 Rxf2+ 29. Kh1 Rxd2 30. Rxe4 Rg8 31. Ree1 Rd3 32. Qh2 Qd4 33. Qe5+ Qxe5 34.
Rxe5 Rh3# 0-1

[Event "XVI Weekend B"]
[Site "Porto Sant'Elpidio ITA"]
[Date "2013.11.16"]
[Round "1"]
[White "Santinelli, Michele"]
[Black "Ciarloni, Giuseppe"]
[WhiteElo "1832"]
[BlackElo "1643"]
[Result "1-0"]
[PlyCount "99"]
[EventDate "2013.11.16"]

1. d4 d5 2. Nf3 Nf6 3. Bg5 h6 4. Bxf6 exf6 5. e3 Bd6 6. Bd3 Bg4 7. Nbd2 O-O 8.
O-O c6 9. c3 Qc7 10. h3 Bh5 11. Qc2 Bxf3 12. Nxf3 Nd7 13. Rae1 a5 14. e4 Nb6
15. g3 a4 16. a3 Ra5 17. Kg2 Qd7 18. Nd2 h5 19. exd5 cxd5 20. Bh7+ Kh8 21. Bf5
Qc7 22. Qd1 g6 23. Bd3 Kg7 24. Qe2 Raa8 25. Bb5 f5 26. Nf3 Nd7 27. Qc2 Nb6 28.
Ne5 Ra5 29. Bd3 f6 30. Nf3 Nc4 31. Re6 Rb5 32. Rb1 Qd7 33. Bxc4 dxc4 34. Qxa4
Qxe6 35. Qxb5 f4 36. Re1 Qc8 37. Nd2 fxg3 38. fxg3 Qc7 39. Re3 h4 40. Qxc4 Qb8
41. b4 Bxg3 42. Re7+ Kh6 43. Ne4 Qd8 44. Qe6 Qb8 45. Nxf6 Rxf6 46. Qxf6 Qg8 47.
Rf7 Qe8 48. Re7 Qg8 49. Qe6 Qa8 50. Qe3+ 1-0

[Event "XVI Weekend B"]
[Site "Porto Sant'Elpidio ITA"]
[Date "2013.11.16"]
[Round "1"]
[White "SkriJely, Edin"]
[Black "Scuppa, Massimo"]
[WhiteElo "1713"]
[BlackElo "1553"]
[Result "1-0"]
[PlyCount "63"]
[EventDate "2013.11.16"]

1. Nf3 Nc6 2. e3 d5 3. b3 e5 4. Bb2 Bg4 5. Be2 Bxf3 6. Bxf3 e4 7. Be2 Nf6 8. h3
Bc5 9. d3 d4 10. Bc1 Qe7 11. O-O exd3 12. Qxd3 O-O 13. Re1 Rad8 14. e4 Ne5 15.
Qd1 Nxe4 16. Bd3 Nc3 17. Qh5 Nf3+ 18. gxf3 Qxe1+ 19. Kg2 g6 20. Qh6 Rd5 21. Nd2
Rh5 22. Qf4 Nd5 23. Qg4 Bd6 24. Nf1 f5 25. Qxd4 Nf4+ 26. Bxf4 Qxa1 27. Qxa1
Bxf4 28. Bc4+ Rf7 29. Qd4 Rg5+ 30. Ng3 Bd6 31. Qe3 f4 32. Qe8+ 1-0

[Event "XVI Weekend B"]
[Site "Porto Sant'Elpidio ITA"]
[Date "2013.11.16"]
[Round "1"]
[White "Splendiani, Sandro"]
[Black "Ciccale', Piero"]
[WhiteElo "1678"]
[BlackElo "1383"]
[Result "1-0"]
[PlyCount "51"]
[EventDate "2013.11.16"]

1. d4 d5 2. c4 c6 3. cxd5 cxd5 4. Nc3 Nf6 5. Nf3 Nc6 6. e3 a6 7. Bd3 Bg4 8. O-O
e6 9. h3 Bh5 10. Re1 Bd6 11. a3 O-O 12. b4 b5 13. Bb2 Bc7 14. Rc1 e5 15. dxe5
Nxe5 16. Be2 Nxf3+ 17. Bxf3 Bxf3 18. Qxf3 Qd6 19. g3 Qe6 20. Nxb5 Bxg3 21. Nc7
Bxc7 22. Rxc7 Ne4 23. Qg2 Qg6 24. Qxg6 fxg6 25. Rxg7+ Kh8 26. Rxg6+ 1-0

[Event "XVI Weekend B"]
[Site "Porto Sant'Elpidio ITA"]
[Date "2013.11.16"]
[Round "1"]
[White "Vannicola, Roberto"]
[Black "Marinucci, Johnny"]
[WhiteElo "1532"]
[BlackElo "1701"]
[Result "0-1"]
[PlyCount "90"]
[EventDate "2013.11.16"]

1. c4 Nf6 2. Nc3 c6 3. g3 d5 4. cxd5 cxd5 5. d4 Bf5 6. Bg2 e6 7. Bg5 Nbd7 8. e3
Be7 9. Nge2 O-O 10. O-O Qb6 11. b3 Rfc8 12. Rc1 Qd8 13. Qd2 Bb4 14. Qb2 Qe7 15.
Nb1 h6 16. Bxf6 Nxf6 17. a3 Bxb1 18. axb4 Bd3 19. Rxc8+ Rxc8 20. Rc1 Rxc1+ 21.
Nxc1 Bb5 22. Qc3 Qd7 23. Qc2 g6 24. Nd3 Bxd3 25. Qxd3 Qc7 26. Qd2 Qc6 27. f3 h5
28. h4 Qa6 29. Bf1 Qa3 30. Qc3 Kg7 31. Kh2 Qa2+ 32. Bg2 b5 33. Kh3 a6 34. e4
Qb1 35. e5 Ng8 36. g4 hxg4+ 37. fxg4 Qd1 38. Bf3 Qf1+ 39. Bg2 Qf4 40. g5 Ne7
41. Qd3 Nf5 42. Bh1 Qxh4+ 43. Kg2 Qxg5+ 44. Kf2 Qh4+ 45. Kg2 Qxd4 0-1

[Event "XVI Weekend B"]
[Site "Porto Sant'Elpidio ITA"]
[Date "2013.11.17"]
[Round "2"]
[White "Agostinelli, Matteo"]
[Black "SkriJely, Edin"]
[WhiteElo "1715"]
[BlackElo "1713"]
[Result "1-0"]
[PlyCount "55"]
[EventDate "2013.11.16"]

1. d4 b6 2. c4 Bb7 3. Nc3 e6 4. a3 Nf6 5. f3 Be7 6. e4 O-O 7. Be3 d5 8. Bd3
dxe4 9. fxe4 Nbd7 10. Nf3 Ng4 11. Bf4 c5 12. d5 e5 13. Bd2 Bc8 14. O-O Ndf6 15.
Qe1 a6 16. h3 Qd6 17. hxg4 Nxg4 18. Qg3 b5 19. Nh2 bxc4 20. Bxc4 Nxh2 21. Qxh2
f5 22. exf5 Bxf5 23. Rae1 Bg6 24. Rxf8+ Bxf8 25. Qxe5 Qb6 26. d6+ Kh8 27. Qd5
Bxd6 28. Qxa8+ 1-0

[Event "XVI Weekend B"]
[Site "Porto Sant'Elpidio ITA"]
[Date "2013.11.17"]
[Round "2"]
[White "Borzi', Rosario"]
[Black "Marvulli, Michele"]
[WhiteElo "1665"]
[BlackElo "1445"]
[Result "1-0"]
[PlyCount "115"]
[EventDate "2013.11.16"]

1. Nf3 Nf6 2. c4 c5 3. Nc3 d6 4. g3 g6 5. Bg2 Bg7 6. O-O e5 7. d3 Nc6 8. Rb1
Rb8 9. Bg5 h6 10. Bd2 O-O 11. Qc1 Kh7 12. h3 a5 13. Nh2 Ng8 14. f4 exf4 15.
Bxf4 g5 16. Bd2 Nge7 17. Kh1 Nf5 18. Be4 Kg8 19. Bxf5 Bxf5 20. Rxf5 Nd4 21. Rf2
Be5 22. Kg2 f5 23. e3 Ne6 24. Nd5 b5 25. Bc3 b4 26. Bxe5 dxe5 27. Qd2 Rb7 28.
Rbf1 Rff7 29. Nf3 Qd6 30. Ne1 Nc7 31. Nxc7 Qxc7 32. b3 Qc6+ 33. Kg1 Qd7 34. Qe2
Qe6 35. Kh2 Qd6 36. e4 f4 37. g4 Rbd7 38. Rf3 Qd4 39. Qc2 Rd8 40. R1f2 Ra7 41.
Qb2 Qd6 42. Kg1 Rda8 43. Nc2 a4 44. Qc1 axb3 45. axb3 Ra2 46. Rf1 R8a5 47. R3f2
Qxd3 48. Qd2 Qxb3 49. Qd5+ Kf8 50. Qd6+ Kf7 51. Qd7+ Kg8 52. Qe6+ Kf8 53. Qxh6+
Ke8 54. Qe6+ Kf8 55. Qf6+ Ke8 56. Qxe5+ Kf8 57. Rxf4+ gxf4 58. Rxf4+ 1-0

[Event "XVI Weekend B"]
[Site "Porto Sant'Elpidio ITA"]
[Date "2013.11.17"]
[Round "2"]
[White "Ciarloni, Giuseppe"]
[Black "Di Sante, Alessandro"]
[WhiteElo "1643"]
[BlackElo "1419"]
[Result "1-0"]
[PlyCount "71"]
[EventDate "2013.11.16"]

1. d4 d5 2. c4 c6 3. Nf3 Bf5 4. e3 Nf6 5. Nc3 e6 6. Nh4 Be4 7. Nxe4 Nxe4 8. Nf3
Be7 9. Bd3 Nf6 10. O-O Nbd7 11. c5 O-O 12. b4 h6 13. a4 b6 14. Ba6 Qc7 15. Bd3
Rfb8 16. Re1 b5 17. axb5 cxb5 18. e4 dxe4 19. Bxe4 Nxe4 20. Rxe4 a5 21. Bf4 Qc6
22. d5 exd5 23. Rxe7 Rd8 24. Nd4 Qb7 25. c6 Qb6 26. Rxd7 Rxd7 27. cxd7 Rd8 28.
Rxa5 Rxd7 29. Rxb5 Qa6 30. h3 Re7 31. Qd3 Qa1+ 32. Kh2 f6 33. Qg6 Qa8 34. Rb8+
Qxb8 35. Bxb8 Re4 36. Nf5 1-0

[Event "XVI Weekend B"]
[Site "Porto Sant'Elpidio ITA"]
[Date "2013.11.17"]
[Round "2"]
[White "Marinucci, Johnny"]
[Black "Orfini, Nicolo'"]
[WhiteElo "1701"]
[BlackElo "1614"]
[Result "0-1"]
[PlyCount "100"]
[EventDate "2013.11.16"]

1. d4 Nf6 2. Bf4 g6 3. e3 d6 4. h3 Bg7 5. Nf3 Nbd7 6. Be2 b6 7. O-O O-O 8. c4
Bb7 9. Nc3 a5 10. Qc2 Re8 11. Rad1 c5 12. d5 Ba6 13. a4 Qc7 14. Nb5 Bxb5 15.
cxb5 Rac8 16. Bc4 h6 17. Rd2 Nf8 18. Rfd1 N6h7 19. b3 g5 20. Bg3 Ng6 21. Bd3
Nhf8 22. Bf5 Rcd8 23. Nd4 Bxd4 24. Rxd4 Ne5 25. f4 Nc6 26. Rc4 Nb4 27. Qe4 e6
28. dxe6 d5 29. Qf3 dxc4 30. Rxd8 Rxd8 31. fxg5 Qe7 32. exf7+ Qxf7 33. gxh6 Ng6
34. Qg4 Kh7 35. h4 Rf8 36. e4 Kxh6 37. Qg5+ Kh7 38. h5 Qf6 39. Bxg6+ Kg8 40.
Qg4 Nd3 41. Bf5+ Kh8 42. bxc4 Ne5 43. Qf4 Nxc4 44. Qc7 Qg7 45. Qc6 Rf6 46. Qc8+
Qg8 47. Qc7 Qg7 48. Qd8+ Rf8 49. Qh4 Rg8 50. Bg6 Ne5 0-1

[Event "XVI Weekend B"]
[Site "Porto Sant'Elpidio ITA"]
[Date "2013.11.17"]
[Round "2"]
[White "Marrocco, Dario"]
[Black "Santinelli, Michele"]
[WhiteElo "1688"]
[BlackElo "1832"]
[Result "1-0"]
[PlyCount "65"]
[EventDate "2013.11.16"]

1. e4 d5 2. exd5 Qxd5 3. Nc3 Qd6 4. Bc4 Nf6 5. h3 a6 6. Nf3 Bf5 7. O-O Nc6 8.
d4 e6 9. Bg5 Be7 10. Bh4 Ne4 11. Nxe4 Bxe4 12. Bg3 Qb4 13. Bb3 Bxf3 14. Qxf3
Nxd4 15. Qg4 Nf5 16. Qxb4 Bxb4 17. Bxc7 Nd4 18. c3 Nxb3 19. axb3 Kd7 20. Be5
Bf8 21. Rfd1+ Kc6 22. Rd4 Bc5 23. Rd3 f6 24. Bg3 Rad8 25. Rad1 Rxd3 26. Rxd3 e5
27. Kf1 Re8 28. b4 Bd6 29. Ke2 Rd8 30. Ke3 f5 31. Bh2 Rd7 32. c4 Bc7 33. b5+
1-0

[Event "XVI Weekend B"]
[Site "Porto Sant'Elpidio ITA"]
[Date "2013.11.17"]
[Round "2"]
[White "Pizzicotti, Virginia"]
[Black "Splendiani, Sandro"]
[WhiteElo "1746"]
[BlackElo "1678"]
[Result "1/2-1/2"]
[PlyCount "65"]
[EventDate "2013.11.16"]

1. e4 c5 2. Bc4 Nc6 3. Nc3 g6 4. d3 Bg7 5. f4 e6 6. Nf3 Nge7 7. Bb3 d5 8. O-O
dxe4 9. Nxe4 O-O 10. c3 b6 11. Nf2 Ba6 12. Ng5 Nd5 13. Qf3 h6 14. Nge4 Bb7 15.
Qh3 f5 16. Rd1 Qe7 17. Ng3 Na5 18. Bc2 Qd6 19. Ne2 e5 20. fxe5 Qxe5 21. Re1
Rae8 22. Bxh6 Ne3 23. Bxe3 Qxe3 24. Qxe3 Rxe3 25. Nf4 Rfe8 26. Rxe3 Rxe3 27.
Nxg6 Re2 28. Bb3+ Nxb3 29. axb3 Rxb2 30. Ne7+ Kh7 31. Nxf5 Bxc3 32. Rc1 Be5 33.
h3 1/2-1/2

[Event "XVI Weekend B"]
[Site "Porto Sant'Elpidio ITA"]
[Date "2013.11.17"]
[Round "2"]
[White "Ragnini, Damiano"]
[Black "Mircoli, Filippo"]
[WhiteElo "1717"]
[BlackElo "1695"]
[Result "1-0"]
[PlyCount "40"]
[EventDate "2013.11.16"]

1. d4 e6 2. e4 c5 3. d5 exd5 4. exd5 d6 5. Nf3 Be7 6. Bb5+ Nd7 7. O-O Ngf6 8.
Re1 O-O 9. Bg5 h6 10. Bh4 a6 11. Bf1 Re8 12. c4 Nf8 13. h3 Bf5 14. Nc3 Qc7 15.
Bd3 Qd7 16. Qc2 Bxh3 17. gxh3 Qxh3 18. Bg3 Nh5 19. Bf5 Qxg3+ 20. fxg3 Nxg3 1-0

[Event "XVI Weekend B"]
[Site "Porto Sant'Elpidio ITA"]
[Date "2013.11.17"]
[Round "2"]
[White "Scuppa, Massimo"]
[Black "Vannicola, Roberto"]
[WhiteElo "1553"]
[BlackElo "1532"]
[Result "1/2-1/2"]
[PlyCount "72"]
[EventDate "2013.11.16"]

1. e4 c6 2. c4 d5 3. exd5 cxd5 4. cxd5 Qxd5 5. Nc3 Qd8 6. d4 Nf6 7. Nf3 Bg4 8.
Be2 e6 9. h3 Bxf3 10. Bxf3 Nd5 11. Nxd5 exd5 12. O-O Be7 13. Qa4+ Nc6 14. Qb3
Nxd4 15. Qxd5 Qxd5 16. Bxd5 Ne2+ 17. Kh1 Nxc1 18. Raxc1 O-O 19. Rc7 Bf6 20.
Rxb7 Rab8 21. Bxf7+ Kh8 22. Rxa7 Rxb2 23. Bb3 Bd4 24. Rd7 Rbxf2 25. Rxf2 Bxf2
26. a4 Bg3 27. Kg1 Re8 28. Rd1 Re1+ 29. Rxe1 Bxe1 30. Kf1 Ba5 31. Kf2 g5 32.
Kf3 Kg7 33. Kg4 h6 34. Kf5 Bb4 35. g4 Bc3 36. Ke6 Bb4 1/2-1/2

[Event "XVI Weekend B"]
[Site "Porto Sant'Elpidio ITA"]
[Date "2013.11.17"]
[Round "3"]
[White "Borzi', Rosario"]
[Black "Marrocco, Dario"]
[WhiteElo "1665"]
[BlackElo "1688"]
[Result "0-1"]
[PlyCount "56"]
[EventDate "2013.11.16"]

1. Nf3 Nf6 2. d4 c5 3. d5 d6 4. c4 g6 5. Nc3 Bg7 6. e4 e5 7. Be2 O-O 8. O-O Ne8
9. Ne1 f5 10. f4 a6 11. Nd3 Nd7 12. exf5 gxf5 13. fxe5 Nxe5 14. Nf4 Qh4 15. Bd2
Ng4 16. Nh3 Be5 17. Bf4 Nef6 18. Qd3 Bxf4 19. Bxg4 Bxh2+ 20. Kxh2 fxg4 21. Rf4
Nh5 22. Rxf8+ Kxf8 23. Qxh7 Qg3+ 24. Kg1 gxh3 25. Rf1+ Nf4 26. Qh6+ Ke7 27.
Qh7+ Kd8 28. Qg8+ Qxg8 0-1

[Event "XVI Weekend B"]
[Site "Porto Sant'Elpidio ITA"]
[Date "2013.11.17"]
[Round "3"]
[White "Cesetti, Egidio"]
[Black "Marinucci, Johnny"]
[WhiteElo "1614"]
[BlackElo "1701"]
[Result "1-0"]
[PlyCount "125"]
[EventDate "2013.11.16"]

1. Nf3 Nf6 2. c4 c6 3. g3 d5 4. Bg2 Bf5 5. cxd5 cxd5 6. Qb3 Qb6 7. Qxb6 axb6 8.
d3 Nc6 9. a3 h6 10. Nc3 e6 11. O-O Be7 12. Bf4 O-O 13. Rac1 Nd7 14. e4 dxe4 15.
dxe4 Bh7 16. Rfd1 Nc5 17. Ne5 Rfd8 18. Nc4 Nb3 19. Rxd8+ Rxd8 20. Re1 Bc5 21.
Bc7 Rd7 22. Bxb6 Bxb6 23. Nxb6 Rd2 24. Nc4 Rd4 25. Ne3 Ne5 26. Nc2 Rd2 27. Re2
Rxe2 28. Nxe2 Nd3 29. Ncd4 Nxd4 30. Nxd4 Nxb2 31. e5 b6 32. f4 Bd3 33. Kf2 Nc4
34. a4 Kf8 35. Bc6 Na5 36. Bb5 Be4 37. Ke3 Bd5 38. Kd3 Ke7 39. Nc2 Kd8 40. Nb4
Bb7 41. Kc3 Kc7 42. Be8 f6 43. exf6 gxf6 44. Nc2 Kd6 45. Ne3 Ke7 46. Bh5 Bc6
47. Kb4 e5 48. Nf5+ Ke6 49. Nxh6 e4 50. Ng4 Nb7 51. Ne3 Nc5 52. Bg4+ Kf7 53.
Bd1 Kg6 54. Nc4 Nd3+ 55. Kc3 b5 56. axb5 Bxb5 57. Be2 Bxc4 58. Kxc4 Nf2 59. Kd4
Kf5 60. Ke3 Nh3 61. g4+ Kg6 62. Kxe4 Kf7 63. Kf3 1-0

[Event "XVI Weekend B"]
[Site "Porto Sant'Elpidio ITA"]
[Date "2013.11.17"]
[Round "3"]
[White "Di Sante, Alessandro"]
[Black "Mircoli, Filippo"]
[WhiteElo "1419"]
[BlackElo "1695"]
[Result "1/2-1/2"]
[PlyCount "44"]
[EventDate "2013.11.16"]

1. d4 e6 2. e3 d5 3. Bd3 Nf6 4. Nf3 Bd6 5. Nc3 O-O 6. O-O b6 7. e4 dxe4 8. Nxe4
Bb7 9. Nxf6+ Qxf6 10. Ng5 h6 11. Ne4 Qe7 12. Bd2 Nd7 13. Nc3 Nf6 14. Re1 c5 15.
dxc5 Bxc5 16. Ne4 Rad8 17. Nxf6+ Qxf6 18. Re2 Qxb2 19. Qb1 Qd4 20. Be3 Qg4 21.
f3 Bxf3 22. Rf2 Bxe3 1/2-1/2

[Event "XVI Weekend B"]
[Site "Porto Sant'Elpidio ITA"]
[Date "2013.11.17"]
[Round "3"]
[White "Marvulli, Michele"]
[Black "Scuppa, Massimo"]
[WhiteElo "1445"]
[BlackElo "1553"]
[Result "1-0"]
[PlyCount "43"]
[EventDate "2013.11.16"]

1. e4 d5 2. exd5 Nf6 3. d4 Nxd5 4. c4 Nb6 5. Nc3 e6 6. Nf3 Bb4 7. a3 Bxc3+ 8.
bxc3 O-O 9. Bd3 c6 10. a4 a5 11. Ba3 Re8 12. O-O Qf6 13. Bc1 h6 14. Ne5 N8d7
15. f4 Nxe5 16. fxe5 Qe7 17. Qg4 g5 18. Ba3 Qd8 19. Rf6 Kg7 20. Qh5 Qxf6 21.
exf6+ Kg8 22. Qxh6 1-0

[Event "XVI Weekend B"]
[Site "Porto Sant'Elpidio ITA"]
[Date "2013.11.17"]
[Round "3"]
[White "Orfini, Nicolo'"]
[Black "Agostinelli, Matteo"]
[WhiteElo "1614"]
[BlackElo "1715"]
[Result "0-1"]
[PlyCount "112"]
[EventDate "2013.11.16"]

1. e4 e5 2. Nf3 Nc6 3. Bc4 Bc5 4. Nc3 d6 5. d3 Bg4 6. h3 Bh5 7. Be3 Bb6 8. a3
Nf6 9. O-O Qd7 10. b4 Bd4 11. Bd2 a6 12. Rb1 O-O 13. Nd5 Nxd5 14. Bxd5 Kh8 15.
c3 Bb6 16. Be3 Rae8 17. Bxb6 cxb6 18. Qe2 Ne7 19. Bb3 Bxf3 20. Qxf3 f5 21. Qe3
fxe4 22. dxe4 b5 23. Rfd1 Rf6 24. Rd2 Ref8 25. f3 Rg6 26. Kh2 Nc8 27. Rbd1 Qe7
28. Qf2 Qg5 29. Bd5 Qe7 30. Rd3 Rh6 31. R1d2 g5 32. Qe3 Rf4 33. Kg1 Rg6 34. Rc2
h5 35. c4 Qd7 36. cxb5 axb5 37. Rdc3 Ne7 38. Rc7 Nxd5 39. exd5 Qf5 40. Rc1 g4
41. Rc8+ Kh7 42. R1c7+ Rg7 43. Rxg7+ Kxg7 44. Rc7+ Kg6 45. hxg4 hxg4 46. Rc3
gxf3 47. gxf3 Rd4 48. Qe2 Rxd5 49. Kf2 Kf6 50. Qe3 Qh5 51. Rd3 Qh4+ 52. Kg2 Ke6
53. Rc3 Rd1 54. Rc2 Qh1+ 55. Kf2 Qg1+ 56. Ke2 Qf1# 0-1

[Event "XVI Weekend B"]
[Site "Porto Sant'Elpidio ITA"]
[Date "2013.11.17"]
[Round "3"]
[White "SkriJely, Edin"]
[Black "Ciarloni, Giuseppe"]
[WhiteElo "1713"]
[BlackElo "1643"]
[Result "0-1"]
[PlyCount "94"]
[EventDate "2013.11.16"]

1. Nf3 d5 2. b3 Nc6 3. Bb2 e6 4. e3 Nf6 5. h3 Be7 6. Be2 O-O 7. O-O Re8 8. c4
b6 9. Qc2 Nb4 10. Qc3 Bf8 11. d3 c5 12. a3 Nc6 13. Nbd2 e5 14. cxd5 Nxd5 15.
Qc2 Bb7 16. Ne4 f5 17. Ng3 f4 18. Ne4 fxe3 19. Nfg5 h6 20. Nf3 Nd4 21. Nxd4
exd4 22. Qc4 Kh8 23. Qc1 exf2+ 24. Rxf2 Ne3 25. Bf3 Bxe4 26. Bxe4 Rb8 27. Qd2
Be7 28. Rf3 Bg5 29. Qe2 Rf8 30. Rg3 Bh4 31. Rf3 Rxf3 32. Bxf3 Qf6 33. Rc1 Qf7
34. b4 Re8 35. Qd2 Re5 36. bxc5 bxc5 37. Qa5 Rg5 38. Qd8+ Kh7 39. Be4+ g6 40.
Bxd4 Rxg2+ 41. Kh1 Bxd8 42. Bxe3 Rg3 43. Bxc5 Rxh3+ 44. Kg2 Rh5 45. Rc2 Rg5+
46. Kh1 Qf1+ 47. Kh2 Bc7+ 0-1

[Event "XVI Weekend B"]
[Site "Porto Sant'Elpidio ITA"]
[Date "2013.11.17"]
[Round "3"]
[White "Splendiani, Sandro"]
[Black "Ragnini, Damiano"]
[WhiteElo "1678"]
[BlackElo "1717"]
[Result "1-0"]
[PlyCount "77"]
[EventDate "2013.11.16"]

1. d4 d5 2. c4 c6 3. Nc3 Nf6 4. Nf3 e6 5. e3 Bb4 6. a3 Bxc3+ 7. bxc3 O-O 8. Bd3
Nbd7 9. cxd5 exd5 10. O-O Re8 11. c4 Kh8 12. cxd5 Nxd5 13. e4 N5f6 14. Ng5 Qe7
15. e5 Nd5 16. Qh5 h6 17. Nxf7+ Kg8 18. Qg6 Qxf7 19. Qh7+ Kf8 20. Bg6 Qg8 21.
Qxg8+ Kxg8 22. Bxe8 Nf8 23. Bh5 Bf5 24. Be3 Ne6 25. Rfc1 Nec7 26. a4 Na6 27.
Be2 Nab4 28. Bc4 Bd3 29. Bxd3 Nxd3 30. Rcb1 b6 31. Ra3 N3b4 32. Rc1 Rc8 33. a5
Kf7 34. axb6 axb6 35. Bd2 Ke6 36. Ra7 g5 37. Rh7 Ra8 38. Rxh6+ Kf5 39. f3 1-0

[Event "XVI Weekend B"]
[Site "Porto Sant'Elpidio ITA"]
[Date "2013.11.17"]
[Round "3"]
[White "Vannicola, Roberto"]
[Black "Ciccale', Giulia"]
[WhiteElo "1532"]
[BlackElo "1215"]
[Result "1-0"]
[PlyCount "49"]
[EventDate "2013.11.16"]

1. c4 d5 2. cxd5 Qxd5 3. Nc3 Qd8 4. d4 Nc6 5. Nf3 f6 6. Bf4 e6 7. e3 Bb4 8. a3
Ba5 9. b4 Bb6 10. Be2 Nge7 11. O-O O-O 12. Qc2 e5 13. dxe5 fxe5 14. Nxe5 Nxe5
15. Bxe5 Nd5 16. Nxd5 Qxd5 17. Bc4 c6 18. Bxd5+ cxd5 19. Rfd1 Bf5 20. Qb2 Rad8
21. Bxg7 Rf7 22. Bd4 Bxd4 23. Rxd4 Be4 24. Rad1 Rg7 25. Rxe4 1-0

[Event "XVI Weekend B"]
[Site "Porto Sant'Elpidio ITA"]
[Date "2013.11.23"]
[Round "4"]
[White "Agostinelli, Matteo"]
[Black "Marrocco, Dario"]
[WhiteElo "1715"]
[BlackElo "1688"]
[Result "1-0"]
[PlyCount "117"]
[EventDate "2013.11.16"]

1. d4 c5 2. d5 d6 3. c4 e5 4. Nc3 g6 5. g3 Bg7 6. Bg2 Nf6 7. Nf3 O-O 8. O-O a6
9. e4 Ne8 10. Ne1 f5 11. Nd3 Nd7 12. Bd2 Nb6 13. Qb3 Rb8 14. f4 Nd7 15. Rae1
exf4 16. Bxf4 g5 17. Bd2 Ne5 18. Nxe5 Bxe5 19. Qc2 Ng7 20. Ne2 b5 21. b3 bxc4
22. Qxc4 fxe4 23. Rxf8+ Kxf8 24. Rf1+ Kg8 25. Bxe4 Bd7 26. a4 Bh3 27. Bg2 Bxg2
28. Kxg2 h6 29. Rb1 Qc8 30. Nc3 Rb4 31. Qe2 Qb7 32. Qd1 c4 33. Ne4 Rxb3 34. Rc1
Qxd5 35. Qc2 Rd3 36. Be1 Nf5 37. Bf2 Rd2 38. Qxd2 Qxe4+ 39. Kg1 Bd4 40. Re1 Qd5
41. Qe2 Be5 42. Rd1 Qc6 43. Qc2 Ne7 44. Rb1 Kg7 45. Rb6 Qf3 46. Qxc4 Nf5 47.
Rb3 Qd1+ 48. Kg2 d5 49. Rb7+ Kg6 50. Qxa6+ Bf6 51. Rb6 Qa1 52. Qb5 Qe5 53. Qd3
Kf7 54. a5 d4 55. Rb5 Ne3+ 56. Bxe3 Qd6 57. Qc4+ Kg6 58. Qg8+ Bg7 59. Rb6 1-0